000
00277nam a2200121 a 4500
008
110105s1973|||| d
100
1
_a
Lenin, V.I.
245
1
0
_a
Vybrané spisy 2.DIEL
260
_b
Pravda
_a
Bratislava
_c
1973
041
_a
slo
020
_c
18
044
_a
xo
_c
SK
999
_c
15508
_d
15508